[Event "Brasilia Terraviva op"]
[Site "Brasilia"]
[Date "2018.01.13"]
[Round "4"]
[White "De Oliveira, Anderson Jose Ferre"]
[Black "Barbalho, Gilsomar Silva"]
[Result "0-1"]
[WhiteElo "1804"]
[BlackElo "1906"]
[PlyCount "66"]
[EventDate "2018.01.11"]
[EventType "swiss"]
[EventRounds "7"]
[EventCountry "BRA"]
[SourceTitle "CBM 182 Extra"]
[Source "ChessBase"]
[SourceDate "2018.02.23"]
[SourceVersion "1"]
[SourceVersionDate "2018.02.23"]
[SourceQuality "1"]

1. d4 Nf6 2. Bg5 Ne4 3. Bf4 d6 4. f3 Nf6 5. e4 c5 6. Nc3 Qb6 7. dxc5 Qxb2 8. Nb5 Qb4+ 9. Bd2 Qxc5 10. Nh3 a6 11. Nc3 e6 12. Bd3 Be7 13. Nf2 0-0 14. 0-0 Nbd7 15. Na4 Qc6 16. c4 Nc5 17. Nxc5 Qxc5 18. Qb3 Qc7 19. Be3 Nd7 20. Rab1 Nc5 21. Qd1 Bd7 22. Be2 Rfd8 23. Rb2 Bc6 24. Qb1 Bf6 25. Rd2 Ba4 26. Qb4 a5 27. Qa3 Be8 28. Rfd1 Be7 29. Rb1 d5 30. Qb2 dxe4 31. Rxd8 Rxd8 32. Nxe4 Nxe4 33. Bb6 Bc5+ 0-1

[Event "Brasilia Terraviva op"]
[Site "Brasilia"]
[Date "2018.01.12"]
[Round "3"]
[White "Barbalho, Gilsomar Silva"]
[Black "Passos, Rafael Moreira"]
[Result "0-1"]
[WhiteElo "1906"]
[BlackElo "1648"]
[PlyCount "74"]
[EventDate "2018.01.11"]
[EventType "swiss"]
[EventRounds "7"]
[EventCountry "BRA"]
[SourceTitle "CBM 182 Extra"]
[Source "ChessBase"]
[SourceDate "2018.02.23"]
[SourceVersion "1"]
[SourceVersionDate "2018.02.23"]
[SourceQuality "1"]

1. e4 c5 2. Nf3 e6 3. d4 cxd4 4. Nxd4 Nc6 5. Nb5 d6 6. c4 a6 7. N5a3 Nf6 8. Nc3 Be7 9. Be2 0-0 10. 0-0 Qc7 11. Be3 Bd7 12. Rc1 Rac8 13. Kh1 Ne5 14. f4 Ng6 15. f5 Ne5 16. g4 Bc6 17. Nd5 exd5 18. exd5 Bd7 19. g5 Ne8 20. h4 f6 21. g6 hxg6 22. fxg6 Nxg6 23. h5 Ne5 24. h6 Kf7 25. Rf4 Rh8 26. Rh4 g5 27. Rh2 Ng7 28. hxg7 Rxh2+ 29. Kxh2 Kxg7 30. Kg2 Rh8 31. Bd4 Qc8 32. Bxe5 dxe5 33. d6 Bc6+ 34. Kf2 Qf5+ 35. Bf3 Rh2+ 36. Kg1 Bxf3 37. Qf1 Rh1+ 0-1

[Event "BRA-ch sf"]
[Site "Brasilia"]
[Date "2012.06.24"]
[Round "5"]
[White "Barbalho, Gilsomar Silva"]
[Black "De Queiroz, Glauber Pimentel"]
[Result "1-0"]
[WhiteElo "1983"]
[BlackElo "1912"]
[PlyCount "66"]
[EventDate "2012.06.16"]
[EventType "swiss"]
[EventRounds "6"]
[EventCountry "BRA"]
[SourceTitle "EXT 2014"]
[Source "ChessBase"]
[SourceDate "2013.11.20"]
[SourceVersion "1"]
[SourceVersionDate "2013.11.20"]
[SourceQuality "1"]

1. e4 e5 2. Nf3 Nc6 3. Bb5 a6 4. Ba4 Nf6 5. 0-0 Be7 6. Re1 b5 7. Bb3 0-0 8. h3 d6 9. c3 a5 10. d4 a4 11. Bc2 Re8 12. Nbd2 Bf8 13. Nf1 h6 14. Ng3 Na5 15. b3 axb3 16. axb3 c5 17. d5 Bd7 18. Be3 Nb7 19. Qd2 Ra5 20. Nf5 Bxf5 21. exf5 Qa8 22. Rxa5 Qxa5 23. g4 Nh7 24. g5 hxg5 25. Nxg5 Nf6 26. Kh2 Ra8 27. Rg1 Qa2 28. Qe2 Na5 29. h4 Nxb3 30. h5 Na1 31. h6 Qxc2 32. Qxb5 Qxf5 33. Qb7 Ra2 1-0

[Event "BRA-ch sf"]
[Site "Brasilia"]
[Date "2012.06.16"]
[Round "2"]
[White "Soares, Renan Barbosa Monte"]
[Black "Barbalho, Gilsomar Silva"]
[Result "1-0"]
[WhiteElo "2187"]
[BlackElo "1983"]
[PlyCount "187"]
[EventDate "2012.06.16"]
[EventType "swiss"]
[EventRounds "6"]
[EventCountry "BRA"]
[SourceTitle "EXT 2014"]
[Source "ChessBase"]
[SourceDate "2013.11.20"]
[SourceVersion "1"]
[SourceVersionDate "2013.11.20"]
[SourceQuality "1"]

1. d4 Nf6 2. c4 g6 3. Nc3 Bg7 4. e4 d6 5. f3 0-0 6. Be3 c5 7. Nge2 Nc6 8. Qd2 a6 9. Rd1 cxd4 10. Nxd4 Nxd4 11. Bxd4 Be6 12. Be2 Rc8 13. b3 h5 14. 0-0 Qa5 15. Nd5 Qd8 16. Nxf6+ exf6 17. Bb2 Qb6+ 18. Bd4 Qc6 19. Qb2 b5 20. cxb5 axb5 21. Rc1 Qd7 22. Kh1 d5 23. exd5 Bxd5 24. Bxf6 Bh6 25. Rcd1 Qc6 26. Bd3 Rfe8 27. Bd4 b4 28. Qf2 Re7 29. Ba1 Be3 30. Qb2 Qc3 31. Qb1 Qc6 32. Qb2 Qc3 33. Ba6 Qxb2 34. Bxb2 Rc2 35. Ba1 Rd2 36. Rxd2 Bxd2 37. Rd1 Rc7 38. Bc4 Bxc4 39. Rxd2 Bd3 40. Rd1 f5 41. Kg1 f4 42. Rxd3 Rc1+ 43. Kf2 Rxa1 44. Rd2 Kf7 45. Ke2 Ke6 46. Kd3 Kd5 47. Kc2+ Kc5 48. Kd3 Kd5 49. Kc2+ Kc5 50. Kb2 Rh1 51. h3 Rg1 52. Re2 h4 53. a4 bxa3+ 54. Kxa3 Ra1+ 55. Kb2 Rg1 56. Re5+ Kd4 57. Rg5 Ke3 58. b4 Rd1 59. Rxg6 Rd3 60. b5 Kf2 61. b6 Rd5 62. Kc3 Rb5 63. Kc4 Rb1 64. Kc5 Kg1 65. Kc6 Rc1+ 66. Kb7 Rc2 67. Ka6 Ra2+ 68. Kb5 Rb2+ 69. Kc6 Rc2+ 70. Kd7 Rd2+ 71. Kc7 Rc2+ 72. Kd6 Rb2 73. Ke5 Rb4 74. Kf5 Kf2 75. Ke5 Kg1 76. Kd5 Rb2 77. Kc6 Rc2+ 78. Kb7 Kh2 79. Kb8 Kg1 80. b7 Kh2 81. Ka7 Ra2+ 82. Ra6 Rb2 83. Rb6 Ra2+ 84. Kb8 Kxg2 85. Kc8 Rc2+ 86. Kd7 Rd2+ 87. Ke7 Re2+ 88. Kf7 Kxf3 89. b8Q Kg2 90. Qc8 f3 91. Qg4+ Kf2 92. Qxh4+ Kg2 93. Rg6+ Kh1 94. Qg3 1-0

[Event "BRA-ch sf"]
[Site "Brasilia"]
[Date "2012.05.27"]
[Round "6"]
[White "Maio Guedes, Luis Augusto"]
[Black "Barbalho, Gilsomar Silva"]
[Result "0-1"]
[WhiteElo "1823"]
[BlackElo "1983"]
[PlyCount "62"]
[EventDate "2012.05.19"]
[EventType "swiss"]
[EventRounds "7"]
[EventCountry "BRA"]
[SourceTitle "CBM 148 Extra"]
[Source "ChessBase"]
[SourceDate "2012.06.22"]
[SourceVersion "1"]
[SourceVersionDate "2012.06.22"]
[SourceQuality "1"]

1. Nf3 Nf6 2. b3 g6 3. Bb2 Bg7 4. e4 d6 5. Bc4 0-0 6. d3 c6 7. a4 Bg4 8. h3 Bd7 9. 0-0 Qc8 10. b4 b5 11. Bb3 bxa4 12. Bxa4 c5 13. b5 Be6 14. Ng5 Bd7 15. Nd2 h6 16. Ngf3 Qb7 17. c4 a6 18. Qb3 Qc8 19. Kh2 e5 20. Ng1 Nh5 21. g3 f5 22. f4 Qd8 23. fxe5 Qg5 24. Ndf3 Qxg3+ 25. Kh1 fxe4 26. dxe4 Bxh3 27. Nxh3 Qxh3+ 28. Nh2 Ng3+ 29. Kg1 Nd7 30. Rxf8+ Rxf8 31. Ra3 Ne2+ 0-1

[Event "Brasilia IRT"]
[Site "Brasilia"]
[Date "2012.04.29"]
[Round "5"]
[White "Barbalho, Gilsomar Silva"]
[Black "Maciel, Diogo Alves"]
[Result "1-0"]
[WhiteElo "1992"]
[BlackElo "1800"]
[PlyCount "81"]
[EventDate "2012.04.27"]
[EventType "tourn"]
[EventRounds "9"]
[EventCountry "BRA"]
[SourceTitle "CBM 148 Extra"]
[Source "ChessBase"]
[SourceDate "2012.06.22"]
[SourceVersion "1"]
[SourceVersionDate "2012.06.22"]
[SourceQuality "1"]

1. e4 c5 2. d4 cxd4 3. c3 Nf6 4. e5 Nd5 5. Nf3 Nc6 6. Bc4 Nb6 7. Bb3 d5 8. 0-0 Bg4 9. Re1 g6 10. h3 Bxf3 11. Qxf3 e6 12. a4 Bg7 13. a5 Nc4 14. Bxc4 Nxe5 15. Bb5+ Nc6 16. c4 0-0 17. Bxc6 bxc6 18. cxd5 cxd5 19. Bf4 Re8 20. Be5 Rc8 21. Bxg7 Kxg7 22. Qd3 e5 23. f4 exf4 24. Qxd4+ Qf6 25. Qxf6+ Kxf6 26. Rxe8 Rxe8 27. Nc3 Rd8 28. Rd1 d4 29. Nb5 Rd5 30. Nxd4 Rxa5 31. Ne2 Ra2 32. Rd2 g5 33. Kf2 a5 34. Nc3 Ra1 35. Rd1 Rxd1 36. Nxd1 Ke5 37. Ke2 f5 38. Nf2 Kd4 39. Kd2 h5 40. Nd3 g4 41. Nxf4 1-0

[Event "Goias zt"]
[Site "Itaborai"]
[Date "2012.04.21"]
[Round "3"]
[White "Barbalho, Gilsomar Silva"]
[Black "Franca, Jairo Jr"]
[Result "0-1"]
[WhiteElo "1992"]
[BlackElo "1800"]
[PlyCount "36"]
[EventDate "2012.04.20"]
[EventType "swiss"]
[EventRounds "6"]
[EventCountry "BRA"]
[SourceTitle "CBM 148 Extra"]
[Source "ChessBase"]
[SourceDate "2012.06.22"]
[SourceVersion "1"]
[SourceVersionDate "2012.06.22"]
[SourceQuality "1"]

1. e4 c6 2. d4 d5 3. e5 Bf5 4. Nf3 e6 5. Be2 Nd7 6. 0-0 Ne7 7. Bg5 Qc7 8. c4 b6 9. Nc3 h6 10. Be3 Bh7 11. Rc1 Nf5 12. cxd5 exd5 13. Nxd5 Qb7 14. Ba6 Qb8 15. Rxc6 Kd8 16. Ng5 Bg6 17. e6 hxg5 18. exd7 Qxh2# 0-1

[Event "Brasilia IRT op"]
[Site "Brasilia"]
[Date "2012.01.28"]
[Round "4"]
[White "Faria, Fillipe Marinho"]
[Black "Barbalho, Gilsomar Silva"]
[Result "1-0"]
[WhiteElo "1920"]
[BlackElo "1984"]
[PlyCount "143"]
[EventDate "2012.01.23"]
[EventType "swiss"]
[EventRounds "6"]
[EventCountry "BRA"]
[SourceTitle "EXT 2013"]
[Source "ChessBase"]
[SourceDate "2012.11.22"]
[SourceVersion "1"]
[SourceVersionDate "2012.11.22"]
[SourceQuality "1"]

1. e4 c5 2. Nf3 d6 3. d4 cxd4 4. Nxd4 Nf6 5. Nc3 a6 6. Be3 Ng4 7. Bg5 h6 8. Bh4 g5 9. Bg3 Bg7 10. h3 Ne5 11. Nf5 Bxf5 12. exf5 Nbc6 13. Nd5 Qa5+ 14. Qd2 Qxd2+ 15. Kxd2 Rc8 16. c3 0-0 17. Be2 Nd7 18. h4 Nf6 19. Nxf6+ Bxf6 20. hxg5 hxg5 21. Rh5 Na5 22. Rah1 Nc4+ 23. Kc2 b5 24. Bxc4 Rxc4 25. f4 gxf4 26. Bh4 Bxh4 27. R1xh4 Kg7 28. Rh7+ Kf6 29. R4h5 e5 30. fxe6 fxe6 31. R5h6+ Ke5 32. Re7 Rf6 33. Rh5+ Ke4 34. Rh1 Ke3 35. Re1+ Kf2 36. R7xe6 Rxe6 37. Rxe6 Kxg2 38. Kd3 Rc5 39. Rxd6 Re5 40. Rxa6 f3 41. Rg6+ Kf1 42. Rf6 f2 43. c4 bxc4+ 44. Kxc4 Ke1 45. b4 f1Q+ 46. Rxf1+ Kxf1 47. b5 Ke2 48. b6 Ra5 49. b7 Rxa2 50. b8Q Rc2+ 51. Kd4 Rd2+ 52. Ke4 Kd1 53. Ke3 Re2+ 54. Kf3 Rc2 55. Qd6+ Kc1 56. Qd4 Rc8 57. Ke3 Kc2 58. Qd3+ Kc1 59. Qf1+ Kb2 60. Qb5+ Kc1 61. Kd3 Rd8+ 62. Ke2 Rc8 63. Qg5+ Kb2 64. Qe5+ Kc1 65. Qf4+ Kb2 66. Qd4+ Kc1 67. Qd2+ Kb1 68. Kd1 Rb8 69. Qc2+ Ka1 70. Qc3+ Ka2 71. Kc2 Rb5 72. Qc4+ 1-0

[Event "Brasilia IRT op"]
[Site "Brasilia"]
[Date "2012.01.25"]
[Round "2"]
[White "Cavalcante, Rodrigo Moreira"]
[Black "Barbalho, Gilsomar Silva"]
[Result "0-1"]
[WhiteElo "1975"]
[BlackElo "1984"]
[PlyCount "113"]
[EventDate "2012.01.23"]
[EventType "swiss"]
[EventRounds "6"]
[EventCountry "BRA"]
[SourceTitle "EXT 2013"]
[Source "ChessBase"]
[SourceDate "2012.11.22"]
[SourceVersion "1"]
[SourceVersionDate "2012.11.22"]
[SourceQuality "1"]

1. e4 c5 2. Nc3 d6 3. f4 Nf6 4. Nf3 g6 5. Bb5+ Bd7 6. Bxd7+ Nbxd7 7. d3 Bg7 8. 0-0 0-0 9. Qe1 e6 10. f5 exf5 11. exf5 Re8 12. Qg3 d5 13. Bg5 Qb6 14. Rab1 c4+ 15. d4 Ne4 16. Qh4 Nxg5 17. Qxg5 Nf6 18. fxg6 fxg6 19. Nxd5 Qd6 20. Nxf6+ Bxf6 21. Qd2 Re4 22. c3 Rae8 23. Rbe1 Rxe1 24. Rxe1 Rxe1+ 25. Qxe1 Qa6 26. Qe8+ Kg7 27. Qd7+ Kg8 28. a4 Qb6 29. Qb5 Qc7 30. Nd2 Qf4 31. Qxc4+ Kg7 32. Qe2 Bg5 33. Nf3 Bf6 34. g3 Qc1+ 35. Kg2 Qa1 36. Qb5 b6 37. Qb3 g5 38. Qc2 g4 39. Nd2 Bg5 40. Nb1 a6 41. b3 b5 42. d5 bxa4 43. bxa4 Be7 44. c4 Bf6 45. d6 Qd4 46. c5 Qd5+ 47. Kf1 Qh1+ 48. Ke2 Qxh2+ 49. Kd1 Qg1+ 50. Kd2 Bg5+ 51. Kd3 Qxg3+ 52. Kc4 Qf4+ 53. Kd5 g3 54. Nc3 Qf3+ 55. Ne4 g2 56. Qb2+ Kh6 57. Qe5 0-1

[Event "Brasilia City-ch"]
[Site "Brasilia"]
[Date "2012.01.10"]
[Round "6"]
[White "Barbosa, Edinardo Meireles"]
[Black "Barbalho, Gilsomar Silva"]
[Result "1-0"]
[WhiteElo "1734"]
[BlackElo "1984"]
[PlyCount "63"]
[EventDate "2012.01.06"]
[EventType "tourn"]
[EventRounds "9"]
[EventCountry "BRA"]
[SourceTitle "CBM 146 Extra"]
[Source "ChessBase"]
[SourceDate "2012.02.29"]
[SourceVersion "1"]
[SourceVersionDate "2012.02.29"]
[SourceQuality "1"]

1. e4 c5 2. Nf3 d6 3. d4 cxd4 4. Nxd4 Nf6 5. Nc3 a6 6. f4 e5 7. Nf3 Qc7 8. Bd3 Be6 9. 0-0 Be7 10. Kh1 0-0 11. Qe2 b5 12. fxe5 dxe5 13. Nd5 Bxd5 14. exd5 e4 15. Bxe4 Nxe4 16. Qxe4 Nd7 17. Qxe7 Rfe8 18. Qh4 Qxc2 19. Nd4 Qd3 20. Qf2 Nf6 21. Bg5 Nh5 22. Qxf7+ Kh8 23. Rad1 Qg6 24. Qxg6 hxg6 25. d6 Ra7 26. Nc6 Rd7 27. Be7 Nf6 28. Ne5 Rb7 29. Bxf6 gxf6 30. d7 Rbb8 31. d8Q Rbxd8 32. Rxd8 1-0

[Event "Brasilia City-ch"]
[Site "Brasilia"]
[Date "2012.01.08"]
[Round "4"]
[White "Barbalho, Gilsomar Silva"]
[Black "Faria, Fillipe Marinho"]
[Result "1/2-1/2"]
[WhiteElo "1984"]
[BlackElo "1920"]
[PlyCount "167"]
[EventDate "2012.01.06"]
[EventType "tourn"]
[EventRounds "9"]
[EventCountry "BRA"]
[SourceTitle "CBM 146 Extra"]
[Source "ChessBase"]
[SourceDate "2012.02.29"]
[SourceVersion "1"]
[SourceVersionDate "2012.02.29"]
[SourceQuality "1"]

1. e4 e5 2. Nf3 Nf6 3. Nxe5 d6 4. Nf3 Nxe4 5. d4 d5 6. Bd3 Nc6 7. 0-0 Be7 8. c4 Nb4 9. Be2 0-0 10. Nc3 Bf5 11. Bf4 Rc8 12. Qb3 dxc4 13. Bxc4 b6 14. a3 Nxc3 15. bxc3 Nc6 16. Ba6 Rb8 17. Qc4 Be4 18. Qe2 Bxf3 19. Qxf3 Bd6 20. Bd2 Qf6 21. Qxf6 gxf6 22. Bh6 Rfd8 23. f4 Bf8 24. Bxf8 Kxf8 25. Bd3 Ne7 26. Rf3 f5 27. Re1 Rd7 28. Rh3 Kg7 29. Ree3 Rh8 30. Reg3+ Kf6 31. Rg5 h6 32. Rgh5 c5 33. Bb5 Rdd8 34. dxc5 bxc5 35. Rxh6+ Rxh6 36. Rxh6+ Kg7 37. Ra6 Rb8 38. a4 Rb7 39. c4 Rc7 40. Kf2 Ng6 41. g3 Ne7 42. Kf3 Ng8 43. a5 Nf6 44. Ba4 Ne4 45. Ke3 Nf6 46. h3 Re7+ 47. Kf3 Ne4 48. Bc2 Nd2+ 49. Kf2 Nxc4 50. Bxf5 Ne3 51. Bc8 Nd1+ 52. Kf3 Re3+ 53. Kg4 Nf2+ 54. Kh4 Re8 55. Bf5 Rh8+ 56. Kg5 Nxh3+ 57. Bxh3 Rxh3 58. Kg4 Rh1 59. Rxa7 c4 60. Rc7 Ra1 61. Rc5 c3 62. Rxc3 Rxa5 63. Rc7 Ra3 64. Kh4 Ra4 65. Kg5 Ra5+ 66. f5 Rb5 67. g4 Ra5 68. Rc4 Rb5 69. Ra4 Rc5 70. Kf4 f6 71. Ra7+ Kg8 72. Kg3 Rc1 73. Re7 Ra1 74. Re2 Kg7 75. Rb2 Rg1+ 76. Rg2 Ra1 77. Rh2 Rg1+ 78. Kh4 Kh6 79. Kh3 Kg5 80. Rg2 Rxg2 81. Kxg2 Kxg4 82. Kf2 Kf4 83. Kg2 Kxf5 84. Kf3 1/2-1/2

[Event "Brasilia-ch 51th sf3"]
[Site "Brasilia"]
[Date "2011.07.17"]
[Round "4.6"]
[White "Barbalho, Gilsomar Silva"]
[Black "Japiassu, Ricardo de Villa No"]
[Result "0-1"]
[WhiteElo "1976"]
[BlackElo "1874"]
[PlyCount "78"]
[EventDate "2011.07.15"]
[EventType "swiss"]
[EventRounds "7"]
[EventCountry "BRA"]
[SourceTitle "EXT 2022"]
[Source "ChessBase"]
[SourceDate "2021.10.06"]
[SourceVersion "1"]
[SourceVersionDate "2021.10.06"]
[SourceQuality "1"]

1. e4 c5 2. Nf3 e6 3. d4 cxd4 4. Nxd4 a6 5. Bd3 Qc7 6. 0-0 Nf6 7. c4 Bc5 8. Nb3 Be7 9. Nc3 d6 10. Qe2 Nbd7 11. Nd2 b6 12. b3 Bb7 13. Bb2 0-0 14. Rad1 Rfe8 15. Bb1 Rad8 16. Kh1 Bc6 17. f4 Qb7 18. Nf3 Nc5 19. Rde1 b5 20. cxb5 Bxb5 21. Nxb5 axb5 22. e5 dxe5 23. fxe5 Nd5 24. Nd4 b4 25. Bxh7+ Kxh7 26. Qh5+ Kg8 27. Qxf7+ Kh8 28. Rf3 Bg5 29. Qh5+ Bh6 30. Ref1 Kg8 31. Qg6 Qd7 32. Rh3 Rf8 33. Nf3 Nf4 34. Qg4 Nxh3 35. gxh3 Rf4 36. Qg2 Rdf8 37. Bc1 Rxf3 38. Rxf3 Qd1+ 39. Qg1 Qxf3+ 0-1

[Event "Brasilia-ch 51th sf3"]
[Site "Brasilia"]
[Date "2011.07.16"]
[Round "3.4"]
[White "Nascimento, Davi da Silva"]
[Black "Barbalho, Gilsomar Silva"]
[Result "1-0"]
[WhiteElo "2120"]
[BlackElo "1976"]
[PlyCount "101"]
[EventDate "2011.07.15"]
[EventType "swiss"]
[EventRounds "7"]
[EventCountry "BRA"]
[SourceTitle "EXT 2022"]
[Source "ChessBase"]
[SourceDate "2021.10.06"]
[SourceVersion "1"]
[SourceVersionDate "2021.10.06"]
[SourceQuality "1"]

1. d4 Nf6 2. Nf3 g6 3. c4 Bg7 4. Nc3 0-0 5. e4 d6 6. Bg5 c5 7. e5 cxd4 8. exf6 exf6 9. Bf4 dxc3 10. bxc3 Re8+ 11. Be2 Be6 12. 0-0 d5 13. Rb1 Nc6 14. cxd5 Bxd5 15. c4 Be4 16. Rxb7 Nd4 17. Rb2 Nxe2+ 18. Rxe2 Qxd1 19. Rxd1 Bxf3 20. Rxe8+ Rxe8 21. gxf3 f5 22. Be3 a6 23. Rd6 Ra8 24. f4 h5 25. c5 Bf8 26. Rc6 Be7 27. a4 Kf8 28. Rc7 Ke8 29. c6 Bd6 30. Rd7 Be7 31. Bb6 Rc8 32. Bc7 Bc5 33. Kf1 Bb4 34. Ke2 Be7 35. Kd3 Bd8 36. Rxd8+ Rxd8+ 37. Bxd8 Kxd8 38. Kc4 Kc7 39. Kd5 a5 40. Kc5 f6 41. Kd5 g5 42. Kc5 h4 43. Kd5 h3 44. Kc5 g4 45. Kb5 Kd6 46. Kb6 Kd5 47. c7 Ke4 48. c8Q Kf3 49. Qxf5 Kg2 50. Qxg4+ Kxh2 51. f5 1-0

[Event "Brasilia Valadares Memorial"]
[Site "Brasilia"]
[Date "2011.02.20"]
[Round "7.5"]
[White "Barbalho, Gilsomar Silva"]
[Black "Martins, Vilker Germano"]
[Result "1-0"]
[WhiteElo "1968"]
[BlackElo "1888"]
[PlyCount "91"]
[EventDate "2011.02.20"]
[EventType "swiss"]
[EventRounds "7"]
[EventCountry "BRA"]
[SourceTitle "EXT 2022"]
[Source "ChessBase"]
[SourceDate "2021.10.06"]
[SourceVersion "1"]
[SourceVersionDate "2021.10.06"]
[SourceQuality "1"]

1. e4 e6 2. d4 d5 3. Nc3 Bb4 4. e5 c5 5. a3 Ba5 6. b4 cxb4 7. Nb5 bxa3+ 8. Bd2 Bc7 9. Qg4 g6 10. Rxa3 a6 11. Nf3 Bd7 12. Bg5 Qc8 13. Bd3 Bxb5 14. Bxb5+ Nd7 15. Bxd7+ Qxd7 16. 0-0 Bd8 17. Bd2 Ne7 18. Bh6 Nf5 19. Qh3 Be7 20. Rb3 Nxh6 21. Qxh6 Bf8 22. Qf4 Be7 23. Rfb1 b5 24. Ng5 Bxg5 25. Qxg5 Qe7 26. Qh6 Qf8 27. Qd2 Qe7 28. Rh3 Rc8 29. Rbb3 Qf8 30. Rhc3 Rc4 31. Rxc4 dxc4 32. Re3 Qe7 33. d5 exd5 34. Rh3 0-0 35. f4 f6 36. Qxd5+ Kg7 37. e6 Rd8 38. Qe4 Qd6 39. e7 Qd1+ 40. Kf2 Qd2+ 41. Kg3 Re8 42. Qe6 Qc3+ 43. Kg4 f5+ 44. Kg5 Qxc2 45. Rxh7+ Kxh7 46. Qxg6+ 1-0

[Event "Brasilia Valadares Memorial"]
[Site "Brasilia"]
[Date "2011.02.20"]
[Round "4.1"]
[White "Mariano, Marceley Martins"]
[Black "Barbalho, Gilsomar Silva"]
[Result "1-0"]
[WhiteElo "2049"]
[BlackElo "1968"]
[PlyCount "41"]
[EventDate "2011.02.20"]
[EventType "swiss"]
[EventRounds "7"]
[EventCountry "BRA"]
[SourceTitle "EXT 2022"]
[Source "ChessBase"]
[SourceDate "2021.10.06"]
[SourceVersion "1"]
[SourceVersionDate "2021.10.06"]
[SourceQuality "1"]

1. e4 c5 2. Nf3 d6 3. d4 cxd4 4. Nxd4 Nf6 5. Nc3 a6 6. Bg5 Nbd7 7. Bc4 Qb6 8. Qd2 e6 9. 0-0-0 Be7 10. f4 h6 11. Bh4 Nc5 12. Bxf6 Bxf6 13. Kb1 Qc7 14. Ndb5 axb5 15. Nxb5 Qb6 16. Nxd6+ Kf8 17. e5 Be7 18. Qe2 Na4 19. Bb3 Qc6 20. Rd4 Qc3 21. Rxa4 1-0